000 01102aam a2200337 i 4500
999 _c46093
_d46093
001 768714001
003 CO-MdFUSB
005 20201027144053.0
007 ta
008 200518t1930 enka|||| |||| 00| 0 eng d
020 _a[No incluye ISBN]
040 _bspa.
_aCO-MdFUSB
_cCO-MdFUSB
_dCO-MdFUSBC
_erda
041 _aeng
082 _223
_a226.06
_bE138
100 1 _aEaston, Burton Scott
_eautor
245 1 0 _aChrist in the gospels
_c/ Burton Scott Easton
264 1 _aNew York :
_bCharles Scribner's Sons,
_c[1930]
264 4 _c© 1930
300 _a209 páginas
_c; 19 cm
336 _atexto
_btxt
_2rdacontent
337 _2rdamedia
_asin mediación
_bn
338 _2rdacarrier
_avolumen
_bnc
490 _aHale memorial lectures
505 _aLas fuentes sinópticas - La tradición pre-sinóptica - La tradición no sinóptica - El trasfondo - Jesús y la ley - Jesús y el Padre - Jesús y el reino - Jesús
563 _aPasta dura
630 7 _aBiblia.
_pEvangelios
_xTeología
650 7 _9239
_aCristología
942 _cBK
945 _aJTF-925